| 000 | 00962nam a22003255b 4500 | ||
|---|---|---|---|
| 001 | 091266 | ||
| 003 | DO-SdBNP | ||
| 005 | 20240726102223.0 | ||
| 007 | 091266 | ||
| 008 | 910419r1992 sp spa | ||
| 017 |
_a _b |
||
| 020 | _a8424177037 | ||
| 035 | _a | ||
| 040 |
_aBPMSU _bspa _cBPMSU _e |
||
| 082 | 4 |
_a862.6 _bC235o 1998 _222 |
|
| 100 | 1 |
_aCañas Torregrosa, José _d1916-2000 |
|
| 245 | 1 | 0 |
_aOjos de botella de anís / _cJosé Cañas Torregrosa ; ilustraciones Violeta Monreal. _h |
| 260 |
_aLeón (España) : _bEditorial Everest, _c1998 |
||
| 300 |
_a70 p. ; _c21 cm |
||
| 490 | 0 |
_aMontaña Encantada _v |
|
| 503 | _a | ||
| 521 | _aA partir de 8 años. | ||
| 590 | _aInventariado, 2024/VM | ||
| 650 | 4 | _aTeatro español | |
| 650 | 4 | _aTeatro escolar e infantil español. | |
| 650 | 4 |
_aEspantapájaros _eTeatro. |
|
| 700 | 1 |
_aMonreal, Violeta _eilustración |
|
| 910 | _aVMateo V. Cotnrol de calidad BPMSU | ||
| 942 |
_2ddc _cBK |
||
| 999 |
_c14756 _d14756 |
||